000
00244nam a2200097Ia 4500
008
240331s9999 xx 000 0 und d
082
_b
WEH
100
_a
Wehmeier, S
245
0
_a
Oxford advanced learner's dictionary of current English
942
_c
L
999
_c
3242
_d
3242